| 000 | 01024nam a22002777a 4500 | ||
|---|---|---|---|
| 003 | OSt | ||
| 005 | 20171114105329.0 | ||
| 008 | 130909b xxu||||| |||| 00| 0 eng d | ||
| 020 | _a970-26-0645-4 | ||
| 040 |
_aBMC _cBMC |
||
| 082 | _a001.42 | ||
| 082 | _a300.0014 | ||
| 082 | _a300.1 | ||
| 100 | 1 | 0 |
_93283 _aBernal Torres, César Augusto |
| 245 | 1 | 0 |
_aMetodología de la investigación _b: para administración, economía, humanidades y ciencias sociales _cCésar Augusto Bernal Torres ; revisión técnica, Duván Salavarrieta, Tomás Sánchez Amaya, Rosalba Salazar |
| 250 | _a2ª ed | ||
| 260 |
_aMéxico, D.F. [etc.] _bPearson Educación _c2006 |
||
| 300 |
_aXVII, 286 p. _bil., gráf. _c23 cm _e+ 1 disco compacto |
||
| 650 |
_9168 _aInvestigación _xMetodología |
||
| 650 |
_94837 _aCiencias sociales _xInvestigación |
||
| 650 |
_93374 _aCiencias sociales _xMetodología |
||
| 700 | 1 |
_94847 _aSalazar, Rosalba |
|
| 700 | 1 |
_94845 _aSalavarrieta, Duván |
|
| 700 | 1 |
_94846 _aSánchez Amaya, Tomás |
|
| 942 |
_2ddc _cBK |
||
| 999 |
_c1972 _d1972 |
||